Central Library OPAC University of Rajshahi
Normal view MARC view

Entry Topical Term

Number of records used in: 3

001 - CONTROL NUMBER

  • control field: 13603

003 - CONTROL NUMBER IDENTIFIER

  • control field: BD-RjUL

005 - DATE AND TIME OF LATEST TRANSACTION

  • control field: 20240925144532.0

008 - FIXED-LENGTH DATA ELEMENTS

  • fixed length control field: 240925|| aca||aabn | a|a d

040 ## - CATALOGING SOURCE

  • Original cataloging agency: BD-RjUL
  • Transcribing agency: BD-RjUL

150 ## - HEADING--TOPICAL TERM

  • Topical term or geographic name entry element: Applied Chemistry
  • Form subdivision: Synthesis

670 ## - SOURCE DATA FOUND

  • Source citation: Work cat.: (BD-RjUL)84039: Azad, Md. Abul Kalam, Synthesis and Characterization of Solid Catalysts /, 2004